00760nam a2200229Ia 4500001001000000003000500010008004100015010001100056020002200067040000900089082001700098245012700115260002800242300001100270500005200281503002000333650004800353650005400401700002400455700002900479700002200508Para_9786CHAP220125s2011 xx 000 0 und d a208431 a978-94-007-0433-6 cCHAP aPA 632.6 G33 aGenomics and molecular genetics of plant-nematode interactions /c John Jones, Godelieve Gheysen, Carmen Fenoll, editores aDordrecht :b Springer a557 p. aIncluye referencias bibliográficas e índice aI.259983 (ej.1) aNematodos de las plantas x Investigación aRelación nematodoxplanta Aspectos genéticos  aFenoll, Carmen, ed. aGheysen, Godelieve, ed.  aJones, John, ed.